000 00309nam a2200133Ia 4500
005 20260326100048.0
008 260326s9999||||xx |||||||||||||| ||und||
100 _aGalain, Monica
245 0 _aLorente Escudero /
_cMonica Galain
260 _bAgua;M
300 _a175 p.
650 _aARQUITECTOS
942 _cBK
999 _c7281
_d7281